Statistics for FIFA World Cup Final Host Cities

Click here to take the quiz!

General Stats

  • This quiz has been taken 88 times
    (15 since last reset)
  • The average score is 18 of 21

Answer Stats

Year Winning nation Runners up Host nation(s) City % Correct
2014GermanyArgentinaBrazilRio de Janeiro
100%
1998FranceBrazilFranceSaint-Denis
100%
1950UruguayBrazilBrazilRio de Janeiro
100%
1990West GermanyArgentinaItalyRome
100%
1934ItalyCzechoslovakiaItalyRome
100%
1938ItalyHungaryFranceParis
100%
1982ItalyWest GermanySpainMadrid
93%
1986ArgentinaWest GermanyMexicoMexico City
93%
1930UruguayArgentinaUruguayMontevideo
93%
1966EnglandWest GermanyEnglandLondon
93%
2018FranceCroatiaRussiaMoscow
93%
1974West GermanyNetherlandsWest GermanyMunich
93%
1970BrazilItalyMexicoMexico City
93%
2006ItalyFranceGermanyBerlin
86%
2010SpainNetherlandsSouth AfricaJohannesburg
86%
1978ArgentinaNetherlandsArgentinaBuenos Aires
86%
1954West GermanyHungarySwitzerlandBern
86%
1962BrazilCzechoslovakiaChileSantiago
79%
2002BrazilGermanyJapan/South KoreaYokohama
57%
1994BrazilItalyUnited StatesPasadena
50%
1958BrazilSwedenSwedenSolna
50%

Score Distribution

Percentile by Number Answered

Percent of People with Each Score

Your Score History

You have not taken this quiz since the last reset